Demography and population problems (Record no. 4489)

MARC details
000 -LEADER
fixed length control field 00392nam a22001457a 4500
008 - FIXED-LENGTH DATA ELEMENTS--GENERAL INFORMATION
fixed length control field 250915b |||||||| |||| 00| 0 eng d
020 ## - INTERNATIONAL STANDARD BOOK NUMBER
ISBN 978189922580
100 ## - MAIN ENTRY--AUTHOR
Author Verma Sachin
245 ## - TITLE STATEMENT
Title Demography and population problems
260 ## - PUBLICATION, DISTRIBUTION, ETC. (IMPRINT)
Place of publication New Delhi
Name of publisher Venus books publishers
Date of publication 2014
300 ## - COLLATION
Pagination 307p.
Other physical details ill.
650 ## - TRACINGS
Main Subject Demography
Subdivision (1st) population
942 ## - ADDED ENTRY ELEMENTS (KOHA)
Item type Books
050 ## - LIBRARY OF CONGRESS CALL NUMBER
Classification number HB861.A3
Item number .V47
Holdings
Source of classification or shelving scheme Not for loan Permanent location Current location Date acquired Accession No. Full call number Barcode. Koha item type
Library of Congress Classification   Samuel Ogbemudia Main Library, University of Abuja Samuel Ogbemudia Main Library, University of Abuja 09/15/2025 2025/65033 HB861.A3.V47 2025-3275 Books